[Event "ICS Rated blitz match"]
[Site "207.99.83.227"]
[Date "1999.05.21"]
[Round "?"]
[White "Quaestor"]
[Black "Hossa"]
[Result "1-0"]
[WhiteElo "2744"]
[BlackElo "2469"]
[PlyCount "88"]

1. e4 d5 2. exd5 Qxd5 3. Nc3 Qd6 4. d4 Nf6 5. Nf3 Bg4 6. h3 Bh5 7. g4 Bg6 8.
Ne5 Nbd7 9. Nb5 Qb6 10. Bf4 Nxe5 11. Bxe5 Nd5 12. Bc4 f6 13. Bg3 O-O-O 14. Qe2
a6 15. Bxd5 Rxd5 16. c4 Qa5+ 17. Kf1 Rd7 18. Nxc7 e5 19. Nd5 exd4 20. Qe6 Bc5
21. b4 Qa4 22. Qb6 Qxb4 23. Qxb4 Bxb4 24. Nxb4 Be4 25. Rh2 Re8 26. Re1 Rde7 27.
f3 Bxf3 28. Rxe7 Rxe7 29. Rd2 Re4 30. Kf2 Bxg4 31. hxg4 Rxg4 32. Kf3 f5 33. Nd5
Re4 34. Bd6 Kd7 35. Bf8 Rg4 36. Ne3 Rg6 37. Rxd4+ Ke8 38. Bb4 Rb6 39. Ba5 Rb1
40. Nxf5 Kf7 41. Nd6+ Kf6 42. c5 Rf1+ 43. Ke4 Rb1 44. Bc3 44... Ke6 {
Hossa resigns} 1-0

[Event "ICS Rated blitz match"]
[Site "207.99.83.227"]
[Date "1999.05.21"]
[Round "?"]
[White "Hossa"]
[Black "MoonShot"]
[Result "0-1"]
[WhiteElo "2464"]
[BlackElo "2729"]
[PlyCount "134"]

1. e4 d5 2. exd5 Qxd5 3. Nc3 Qd6 4. d4 Nf6 5. Nf3 Nc6 6. Be2 Bf5 7. Nb5 Qd7 8.
Ne5 Nxe5 9. dxe5 Qxd1+ 10. Bxd1 Nd5 11. O-O c6 12. Bf3 Rd8 13. Bxd5 cxd5 14.
Nc7+ Kd7 15. Nxd5 Bxc2 16. Be3 Ke6 17. Nb4 Bf5 18. Bxa7 Kxe5 19. Bb6 Rd7 20.
Rad1 Rxd1 21. Rxd1 Kf6 22. Nd5+ Kg6 23. Nc3 h5 24. Rd8 h4 25. Bc5 f6 26. Rb8
Kf7 27. Rxb7 h3 28. f3 hxg2 29. Kxg2 Rh6 30. Nb5 Rg6+ 31. Kf2 Bh3 32. Ke3 Rg2
33. Nd6+ Kg6 34. Ne4 Rxh2 35. Kd3 Bf1+ 36. Kd4 e5+ 37. Kd5 Bxc5 38. Kxc5 Rc2+
39. Kd6 Bg2 40. Rb3 Rc4 41. Ke7 Ra4 42. Nc5 Rf4 43. Ne6 Rxf3 44. Rb6 e4 45. Kf8
e3 46. Nxg7 Rf4 47. Ne6 Re4 48. Nc5 e2 49. Nd3 e1=Q 50. Nxe1 Rxe1 51. a4 Bd5
52. Rb8 Ra1 53. Rb4 Kf5 54. Rb5 Ke4 55. Ke7 f5 56. a5 f4 57. Kd6 f3 58. Rxd5 f2
59. Re5+ Kf4 60. Re7 Rxa5 61. Rf7+ Rf5 62. Rb7 f1=Q 63. Ra7 Qd3+ 64. Kc7 Rc5+
65. Kb8 Qd8+ 66. Kb7 Qc7+ 67. Ka8 67... Qc8# {Hossa checkmated} 0-1

[Event "ICS Rated blitz match"]
[Site "207.99.83.227"]
[Date "1999.05.21"]
[Round "?"]
[White "Beadle"]
[Black "Hossa"]
[Result "0-1"]
[WhiteElo "2566"]
[BlackElo "2458"]
[PlyCount "64"]

1. e4 d5 2. exd5 Qxd5 3. Nc3 Qd6 4. d4 Nf6 5. Bd3 Nc6 6. Nf3 Bg4 7. Nb5 Qe6+ 8.
Be3 O-O-O 9. Ng5 Qd7 10. f3 Bh5 11. c3 a6 12. Na3 e5 13. Nc2 Nd5 14. Nxh7 Be7
15. Bd2 exd4 16. Nxd4 Nxd4 17. cxd4 Nb4 18. Bxb4 Bxb4+ 19. Kf1 Kb8 20. Qb3 Qxd4
21. Be4 f5 22. Ng5 fxe4 23. Ne6 Qd2 24. Qc4 exf3 25. Qxc7+ Ka7 26. gxf3 Bxf3
27. Qg3 Qe2+ 28. Kg1 Bd2 29. Qxf3 Be3+ 30. Qxe3+ Qxe3+ 31. Kg2 Rd2+ 32. Kf1
32... Qf2# {Beadle checkmated} 0-1

[Event "ICS Rated blitz match"]
[Site "207.99.83.227"]
[Date "1999.05.21"]
[Round "?"]
[White "StrongBach"]
[Black "Hossa"]
[Result "0-1"]
[WhiteElo "1839"]
[BlackElo "2502"]
[PlyCount "130"]

1. Nc3 d5 2. f4 d4 3. Ne4 Nf6 4. Nf2 e6 5. Nd3 Be7 6. Nf3 O-O 7. b4 Nc6 8. b5
Na5 9. Bb2 c5 10. a4 Nc4 11. Nfe5 Nxb2 12. Nxb2 Nd5 13. Nbd3 Qc7 14. g3 c4 15.
Nb2 c3 16. Nbd3 cxd2+ 17. Qxd2 Ne3 18. Ra2 f6 19. Nf3 Qc4 20. Rb2 Ba3 21. c3
dxc3 22. Qxe3 cxb2 23. Nd2 Qc2 24. Bg2 b1=Q+ 25. Nxb1 Qxb1+ 26. Kf2 Qc2 27. Qd4
Kh8 28. Ke1 Be7 29. Qe4 f5 30. Qd4 Rd8 31. Qb2 Qxa4 32. Kf2 Bf6 33. Ne5 Rd4 34.
Kg1 Rb4 35. Qc3 Qxb5 36. Kf2 Bxe5 37. fxe5 Rc4 38. Qe3 Qc5 39. Qxc5 Rxc5 40.
Rb1 Rb8 41. Rd1 Kg8 42. Rd8+ Kf7 43. h3 h6 44. Rd3 Rxe5 45. e3 Ra5 46. Rd2 e5
47. Bf3 Be6 48. Rc2 Ra2 49. Rxa2 Bxa2 50. h4 e4 51. Bh1 h5 52. Kg1 Bc4 53. Bg2
Rd8 54. Bh3 Rd1+ 55. Kf2 Ke6 56. g4 hxg4 57. Bxg4 Rf1+ 58. Kg3 Rg1+ 59. Kf2
Rxg4 60. Ke1 Rxh4 61. Kd2 Rh2+ 62. Kc3 Kd5 63. Kb4 Rc2 64. Ka3 Kc5 65. Ka4
65... Ra2# {StrongBach checkmated} 0-1

[Event "ICS Rated blitz match"]
[Site "207.99.83.227"]
[Date "1999.05.21"]
[Round "?"]
[White "Hossa"]
[Black "Beadle"]
[Result "0-1"]
[WhiteElo "2503"]
[BlackElo "2533"]
[PlyCount "89"]

1. e4 c6 2. Nc3 d5 3. Nf3 Bg4 4. exd5 cxd5 5. Be2 Nc6 6. O-O e6 7. d4 Nf6 8.
Ne5 Bxe2 9. Nxc6 Bxd1 10. Nxd8 Bxc2 11. Nxb7 Rc8 12. Bf4 Rc4 13. Bd6 Rxd4 14.
Nb5 Rd2 15. Bf4 Rd3 16. Rfc1 Nh5 17. Bg5 f6 18. Bxf6 Rd1+ 19. Rxd1 Bxd1 20.
Rxd1 Nxf6 21. Nxa7 Be7 22. Nc6 Ne4 23. a4 Bg5 24. b4 Rf8 25. Re1 Bh4 26. g3 Be7
27. Re3 Kd7 28. Nxe7 Kxe7 29. Rxe4 dxe4 30. a5 Rf3 31. a6 e3 32. fxe3 Rf8 33.
Kg2 Kd7 34. Nc5+ Kd6 35. Nxe6 Kxe6 36. g4 Rb8 37. a7 Ra8 38. Kf3 Ke5 39. b5
Rxa7 40. b6 Rb7 41. h3 g5 42. Kg3 Rxb6 43. Kf3 Rb3 44. Kf2 Ke4 45. Kg3 {
Hossa resigns} 0-1

[Event "ICS Rated blitz match"]
[Site "207.99.83.227"]
[Date "1999.05.21"]
[Round "?"]
[White "Secret"]
[Black "Hossa"]
[Result "1-0"]
[WhiteElo "2627"]
[BlackElo "2488"]
[PlyCount "50"]

1. e4 d5 2. exd5 Qxd5 3. Nc3 Qd6 4. d4 Nf6 5. Nf3 Nc6 6. Be3 Bg4 7. Nb5 Qd7 8.
d5 Nb4 9. c4 Bxf3 10. gxf3 a6 11. Bh3 e6 12. Nd4 c5 13. dxe6 fxe6 14. Nxe6 Rb8
15. O-O Qxd1 16. Raxd1 Kf7 17. Nxf8 Rbxf8 18. Bxc5 Nc6 19. Bxf8 Rxf8 20. Rfe1
Kg6 21. b3 Nh5 22. Re6+ Nf6 23. Rd7 Na5 24. Bf1 Kh6 25. Rb6 25... g6 {
Hossa resigns} 1-0

[Event "ICS Rated blitz match"]
[Site "164.58.253.13"]
[Date "1999.05.21"]
[Round "?"]
[White "blik"]
[Black "Hossa"]
[Result "1-0"]
[WhiteElo "2169"]
[BlackElo "2089"]
[PlyCount "113"]

1. e4 c6 2. d4 d6 3. Nc3 Nf6 4. f4 d5 5. e5 Ne4 6. Nxe4 dxe4 7. c3 Bf5 8. g4
Bd7 9. Bg2 f5 10. exf6 exf6 11. Qe2 Be7 12. Bxe4 f5 13. Bxf5 Bxf5 14. gxf5 O-O
15. Qe6+ Kh8 16. Nf3 Bh4+ 17. Kd1 Re8 18. Ne5 Rxe6 19. Nf7+ Kg8 20. Nxd8 Re7
21. b3 c5 22. Ne6 cxd4 23. cxd4 Nc6 24. Bb2 Rd7 25. Rc1 Nb4 26. Rc4 a5 27. a4
Re8 28. Bc3 Nd5 29. Bd2 Be7 30. Re1 b6 31. Re5 Rb8 32. Ke2 Bf6 33. b4 axb4 34.
Bxb4 Ra8 35. Kf3 Bxe5 36. fxe5 Re8 37. Nf4 Nxf4 38. Kxf4 Ra7 39. Bc3 Rd8 40. e6
Raa8 41. Rb4 Ra6 42. h4 Rc8 43. Bb2 Rd8 44. Ke4 Kf8 45. d5 Ra5 46. Rxb6 Rxa4+
47. Bd4 Ke8 48. d6 Rc4 49. h5 Ra4 50. h6 gxh6 51. f6 Raa8 52. f7+ Kf8 53. Ke5
Re8 54. fxe8=Q+ Rxe8 55. Rb7 Rd8 56. e7+ Kg8 57. exd8=Q# {Hossa checkmated} 1-0

[Event "ICS Rated standard match"]
[Site "164.58.253.13"]
[Date "1999.05.21"]
[Round "?"]
[White "nnb"]
[Black "Hossa"]
[Result "0-1"]
[WhiteElo "1804"]
[BlackElo "1897"]
[PlyCount "122"]

1. d4 d5 2. c4 e6 3. Nc3 Bb4 4. a3 Bxc3+ 5. bxc3 dxc4 6. Qa4+ Bd7 7. Qxc4 Ne7
8. Bg5 Na6 9. e4 Bc6 10. f3 O-O 11. Nh3 Nb8 12. Qb4 f6 13. Bh4 Ng6 14. Bg3 Nd7
15. Bc4 Re8 16. Qb3 Ndf8 17. O-O Rb8 18. d5 b5 19. dxc6 bxc4 20. Qxc4 Rb2 21.
Rfd1 Qe7 22. a4 Rd8 23. Nf4 Ne5 24. Qa6 Qc5+ 25. Kh1 Rbd2 26. Rxd2 Rxd2 27. Qc8
Qxc3 28. Rg1 Qxc6 29. a5 Qd6 30. h4 c6 31. Rb1 Rd1+ 32. Rxd1 Qxd1+ 33. Kh2 Qd7
34. Qb8 c5 35. a6 c4 36. Nh5 Qf7 37. Bxe5 fxe5 38. Qb7 Qxh5 39. Qxa7 Qxh4+ 40.
Kg1 Qe1+ 41. Kh2 Qa5 42. Qb7 c3 43. a7 c2 44. a8=Q Qxa8 45. Qxa8 c1=Q 46. Qb8
Qf4+ 47. Kg1 g5 48. Qd6 g4 49. fxg4 Qxe4 50. g5 Qd4+ 51. Qxd4 exd4 52. Kf2 e5
53. Kf3 Kf7 54. Ke4 Kg6 55. Kxe5 d3 56. Ke4 d2 57. Kf4 Ne6+ 58. Kg3 d1=Q 59.
Kh3 Nf4+ 60. Kg3 Kxg5 61. Kh2 61... Qf1 {nnb resigns} 0-1

[Event "ICS rated blitz match"]
[Site "164.58.253.13"]
[Date "1999.05.21"]
[Round "?"]
[White "Hossa"]
[Black "Leomar"]
[Result "1/2-1/2"]
[WhiteElo "2077"]
[BlackElo "1868"]
[PlyCount "125"]

1. e4 Nf6 2. Nc3 d5 3. exd5 Nxd5 4. Nf3 c5 5. Bb5+ Bd7 6. Bc4 Nf6 7. O-O Nc6 8.
d3 Bg4 9. Bg5 e6 10. Ne4 Be7 11. Bb5 Nxe4 12. Bxc6+ bxc6 13. Bxe7 Qxe7 14. dxe4
O-O 15. Qe2 Rab8 16. b3 Qf6 17. c4 Rfd8 18. Rad1 Bxf3 19. gxf3 Rd4 20. Kh1 Rbd8
21. Rg1 e5 22. a3 Qd6 23. Rb1 a5 24. Qe3 Rd2 25. Rg2 g6 26. Rg5 f6 27. Rg2 Qd3
28. Re1 Qxe3 29. Rxe3 R8d3 30. h4 Rxe3 31. fxe3 Rd3 32. Rb2 Rxe3 33. Kg2 Kf7
34. Rb1 Ke6 35. Kg3 f5 36. Kf2 Rd3 37. exf5+ gxf5 38. h5 Rd4 39. Rh1 Rd2+ 40.
Kg3 Rb2 41. Kh4 Kf6 42. f4 exf4 43. a4 Rxb3 44. Rd1 f3 45. Kg3 Kg5 46. Rd7 h6
47. Ra7 Kxh5 48. Rxa5 Rb4 49. Rxc5 Kg5 50. a5 Ra4 51. Kxf3 h5 52. Rxc6 Rxa5 53.
Rc8 Ra3+ 54. Kf2 Kf4 55. Rh8 Ra2+ 56. Kg1 Kg4 57. Rg8+ Kf3 58. Rg5 Kf4 59. Rxh5
Ra1+ 60. Kh2 Ra2+ 61. Kg1 Ra1+ 62. Kh2 Ra2+ 63. Kg1 {Game drawn by repetition}
1/2-1/2

[Event "ICS rated standard match"]
[Site "164.58.253.13"]
[Date "1999.05.21"]
[Round "?"]
[White "juh"]
[Black "Hossa"]
[Result "0-1"]
[WhiteElo "1806"]
[BlackElo "1942"]
[PlyCount "36"]

1. e4 c6 2. Nc3 d5 3. exd5 cxd5 4. Bb5+ Nc6 5. d4 Nf6 6. Nf3 Bg4 7. O-O Qb6 8.
Bxc6+ bxc6 9. Qd3 Bxf3 10. gxf3 e6 11. b3 Bd6 12. Kg2 Qc7 13. Rh1 O-O 14. h3
Rab8 15. Bg5 Nh5 16. Na4 Bf4 17. h4 Bxg5 18. hxg5 18... Nf4+ {juh resigns} 0-1

[Event "ICS rated standard match"]
[Site "164.58.253.13"]
[Date "1999.05.21"]
[Round "?"]
[White "Hossa"]
[Black "Sander"]
[Result "1-0"]
[WhiteElo "1976"]
[BlackElo "1738"]
[PlyCount "23"]

1. c4 Nf6 2. d4 d5 3. cxd5 Nxd5 4. e4 Nb6 5. Nf3 e6 6. Nc3 Nc6 7. Bb5 Bd7 8.
Bxc6 Bxc6 9. Ne5 Bd7 10. Qh5 Qf6 11. Bg5 Qh6 12. Qxf7# {Sander checkmated} 1-0

[Event "ICS rated standard match"]
[Site "164.58.253.13"]
[Date "1999.05.21"]
[Round "?"]
[White "Hossa"]
[Black "twosteprva"]
[Result "1-0"]
[WhiteElo "1996"]
[BlackElo "1971"]
[PlyCount "34"]

1. e4 e5 2. Nf3 d6 3. d4 Qe7 4. Nc3 c6 5. Bg5 Nf6 6. Qd3 Nbd7 7. O-O-O a6 8.
Be2 b5 9. dxe5 dxe5 10. g3 Qe6 11. Bh4 Be7 12. Ng5 Qc4 13. Qxc4 bxc4 14. Bxc4
O-O 15. f4 Ng4 16. Nxf7 Bxh4 17. Nxe5+ 17... Kh8 {twosteprva resigns} 1-0

[Event "ICS rated blitz match"]
[Site "164.58.253.13"]
[Date "1999.05.22"]
[Round "?"]
[White "Hossa"]
[Black "MJE"]
[Result "1-0"]
[WhiteElo "2076"]
[BlackElo "1846"]
[PlyCount "73"]

1. c4 e6 2. d4 d5 3. Nc3 Nf6 4. Bg5 c5 5. cxd5 cxd4 6. Qxd4 Be7 7. Rd1 exd5 8.
Nxd5 Nxd5 9. Bxe7 Qxe7 10. Qxd5 O-O 11. Qd6 Qg5 12. Qa3 Bg4 13. h3 Bh5 14. g4
Bg6 15. Nf3 Qf6 16. Bg2 Nc6 17. Rd7 Rac8 18. Rxb7 Na5 19. Rd7 Rc1+ 20. Rd1
Rxd1+ 21. Kxd1 Nc4 22. Qb3 Nxb2+ 23. Ke1 Rc8 24. Kf1 Nc4 25. Kg1 Ne5 26. Qa4 h5
27. Nxe5 Qxe5 28. Bf3 hxg4 29. hxg4 Rc1+ 30. Kg2 Rxh1 31. Kxh1 Qa1+ 32. Kg2 Bb1
33. Qe8+ Kh7 34. Qxf7 Qxa2 35. Qh5+ Kg8 36. Bd5+ Kf8 37. Qf7# {MJE checkmated}
1-0

[Event "ICS rated standard match"]
[Site "164.58.253.13"]
[Date "1999.05.22"]
[Round "?"]
[White "Hossa"]
[Black "Bruiser"]
[Result "1-0"]
[WhiteElo "2036"]
[BlackElo "1877"]
[PlyCount "32"]

1. d4 d5 2. Nf3 Nf6 3. Bf4 c5 4. dxc5 Na6 5. e4 Nxe4 6. Bxa6 bxa6 7. Qd4 f6 8.
Nbd2 e5 9. Qa4+ Kf7 10. Nxe4 dxe4 11. Qxe4 Rb8 12. Bxe5 Bxc5 13. Bxb8 Re8 14.
Be5 fxe5 15. Qc4+ Be6 16. Qxc5 16... e4 {Bruiser resigns} 1-0

[Event "ICS rated standard match"]
[Site "164.58.253.13"]
[Date "1999.05.22"]
[Round "?"]
[White "laubis"]
[Black "Hossa"]
[Result "1-0"]
[WhiteElo "2085"]
[BlackElo "2059"]
[PlyCount "106"]

1. e4 c6 2. d4 d5 3. exd5 cxd5 4. Nf3 Nf6 5. Bd3 e6 6. O-O Bd6 7. Re1 O-O 8. c3
Qc7 9. Bg5 Nbd7 10. Nbd2 Ng4 11. Nf1 a5 12. Bh4 Kh8 13. Qe2 a4 14. Rac1 a3 15.
b3 Bf4 16. Bg3 Qd6 17. Bxf4 Qxf4 18. h3 Ngf6 19. N1h2 Ra5 20. g3 Qh6 21. Kg2 b6
22. Ng4 Qh5 23. Nfe5 Nxg4 24. hxg4 Qg5 25. Rh1 Nxe5 26. Rxh7+ Kg8 27. Rch1 f6
28. dxe5 d4 29. Rh8+ Kf7 30. Rxf8+ Kxf8 31. Rh8+ Ke7 32. f4 Rxe5 33. fxe5 Bb7+
34. Kf2 dxc3 35. Rb8 Bd5 36. Rxb6 fxe5 37. Qe3 Qxg4 38. Rb8 Qd4 39. Qxd4 exd4
40. Rb5 g5 41. Ke2 Kd6 42. Bc4 Bxc4+ 43. bxc4 g4 44. Kd3 e5 45. Rb6+ Ke7 46. c5
Kf7 47. c6 e4+ 48. Kc2 Ke6 49. c7+ Kd7 50. Rc6 Kxc6 51. c8=Q+ Kd6 52. Qxg4 Kd5
53. Qf5+ 53... Kc4 {Hossa resigns} 1-0

[Event "ICS rated blitz match"]
[Site "164.58.253.13"]
[Date "1999.05.22"]
[Round "?"]
[White "Hossa"]
[Black "SapphireII"]
[Result "1-0"]
[WhiteElo "2082"]
[BlackElo "2110"]
[PlyCount "97"]

1. e4 d5 2. exd5 Nf6 3. d4 Nxd5 4. Nf3 Bg4 5. Be2 Nc6 6. c4 Nb6 7. O-O e6 8. b3
Bf5 9. Nc3 Bb4 10. Bb2 Qf6 11. Ne5 Nxe5 12. dxe5 Qe7 13. Bf3 Rd8 14. Qc1 c5 15.
Nb5 Bd2 16. Qd1 Nc8 17. Qe2 O-O 18. Nd4 cxd4 19. Qxd2 d3 20. a4 Qc7 21. Rad1
Qb6 22. Ba3 Qxb3 23. Bxf8 Kxf8 24. c5 b6 25. Qg5 Ne7 26. cxb6 axb6 27. Rb1 Qc3
28. Rxb6 Qxe5 29. Rb7 f6 30. Qd2 Rc8 31. a5 Nd5 32. Bxd5 Qxd5 33. Qb4+ Qc5 34.
Qxc5+ Rxc5 35. a6 Ra5 36. a7 Be4 37. Rd7 Ke8 38. Rxg7 d2 39. h4 Ra4 40. Rd1 Ra2
41. f3 Bd5 42. Rxh7 e5 43. Kf2 f5 44. Ke3 f4+ 45. Kd3 Bg8 46. Rc7 Kd8 47. Rg7
Bd5 48. Rxd2 Ra4 49. Ke2 {SapphireII resigns} 1-0

[Event "ICS rated blitz match"]
[Site "164.58.253.13"]
[Date "1999.05.22"]
[Round "?"]
[White "SapphireII"]
[Black "Hossa"]
[Result "0-1"]
[WhiteElo "2101"]
[BlackElo "2096"]
[PlyCount "139"]

1. e4 c5 2. Nf3 Nc6 3. d4 cxd4 4. Nxd4 Nf6 5. Nc3 e5 6. Ndb5 a6 7. Nd6+ Bxd6 8.
Qxd6 Qb6 9. Bd3 Qb4 10. Qxb4 Nxb4 11. O-O Nxd3 12. cxd3 O-O 13. Bg5 Nh5 14. Be7
Re8 15. Nd5 Nf4 16. Nxf4 exf4 17. Bd6 g5 18. Rac1 Re6 19. Bb4 h6 20. Rc7 Rc6
21. Rc1 Kg7 22. Rc5 Kg6 23. Kf1 f6 24. Ke2 Rb8 25. Kf3 h5 26. h3 h4 27. Rc4 Ra8
28. Rc5 Rb8 29. Rc3 Ra8 30. Rc4 a5 31. Bf8 Kf7 32. R4xc6 bxc6 33. Bc5 Ke6 34.
Ke2 a4 35. Kd2 Ba6 36. Kc2 Bb5 37. Rb7 d6 38. Bb4 Rc8 39. Kc3 Rd8 40. Rg7 Rb8
41. Ba5 c5 42. Ra7 Bc6 43. f3 Bb5 44. Bc7 Rc8 45. Bb6 Bc6 46. Rg7 Bb5 47. Ba7
Rc6 48. Rb7 Ba6 49. Rb8 Rc7 50. Bb6 Rc6 51. Ba5 Rc8 52. Rxc8 Bxc8 53. d4 Ba6
54. b4 axb3 55. axb3 Bf1 56. dxc5 dxc5 57. Bb6 Bxg2 58. Bxc5 Bxf3 59. Kd3 Bg2
60. b4 Bxh3 61. Kc3 Bg2 62. Kd3 Bf1+ 63. Kc3 Ke5 64. Bd4+ Kxe4 65. Bg1 Kf3 66.
Kd2 Be2 67. b5 Bxb5 68. Kc3 h3 69. Kb4 Kg2 70. Bd4 {SapphireII resigns} 0-1

[Event "ICS rated standard match"]
[Site "164.58.253.13"]
[Date "1999.05.23"]
[Round "?"]
[White "Hossa"]
[Black "presov"]
[Result "1-0"]
[WhiteElo "2027"]
[BlackElo "1846"]
[PlyCount "43"]

1. e4 c5 2. Nc3 d6 3. Nge2 e6 4. Nf4 Nf6 5. Bc4 Nc6 6. d3 Bd7 7. O-O Be7 8. Be3
O-O 9. a4 a6 10. Qe2 Qc7 11. Nh5 Nxh5 12. Qxh5 Bf6 13. Bg5 Bxg5 14. Qxg5 Nd4
15. Qd2 Qd8 16. Ne2 Qf6 17. Nxd4 Qxd4 18. Qf4 Qxb2 19. Qxd6 Bc6 20. Qxc5 Qxc2
21. Qe5 Rfd8 22. Ra2 {presov resigns} 1-0

[Event "ICS rated blitz match"]
[Site "164.58.253.13"]
[Date "1999.05.23"]
[Round "?"]
[White "Korwin"]
[Black "Hossa"]
[Result "0-1"]
[WhiteElo "1848"]
[BlackElo "2120"]
[PlyCount "54"]

1. e4 c5 2. Nf3 Nc6 3. Bb5 g6 4. O-O Bg7 5. Re1 Nf6 6. c3 O-O 7. d4 cxd4 8.
cxd4 a6 9. Bf1 d5 10. e5 Ne4 11. Nc3 Bf5 12. Nh4 Nxc3 13. bxc3 Be6 14. Bg5 Rc8
15. Qd2 Qa5 16. Rac1 Bg4 17. f3 Be6 18. Bd3 Qa3 19. f4 h6 20. f5 hxg5 21. fxe6
gxh4 22. Qg5 Qxa2 23. Qxh4 f5 24. exf6 Rxf6 25. Rf1 Qd2 26. Rcd1 Rxf1+ 27. Rxf1
27... Qxd3 {Korwin resigns} 0-1

[Event "ICS rated standard match"]
[Site "164.58.253.13"]
[Date "1999.05.23"]
[Round "?"]
[White "Hossa"]
[Black "inf"]
[Result "1-0"]
[WhiteElo "2044"]
[BlackElo "1721"]
[PlyCount "78"]

1. d4 Nf6 2. e3 d5 3. Nf3 e6 4. Bb5+ Nbd7 5. O-O Bd6 6. b3 c6 7. Be2 e5 8. Ba3
Bxa3 9. Nxa3 e4 10. Ng5 Nb6 11. Bh5 Qe7 12. Nb1 O-O 13. a4 Ne8 14. Bxf7+ Rxf7
15. Nxf7 Qxf7 16. f3 exf3 17. Qxf3 Qxf3 18. Rxf3 h6 19. a5 Nd7 20. c4 Nd6 21.
cxd5 cxd5 22. Nc3 Nf6 23. Raf1 Kh7 24. Rxf6 gxf6 25. Nxd5 f5 26. b4 Kg7 27. Rf4
Bd7 28. g4 fxg4 29. Nf6 Bf5 30. Nxg4 Rf8 31. Ne5 Rc8 32. Kg2 Rc2+ 33. Rf2 Rc3
34. Kf3 Rb3 35. Rg2+ Kf8 36. Ng6+ Ke8 37. Kf4 Rxb4 38. Nh4 Be4 39. Rg8+ 39...
Ke7 {inf resigns} 1-0

[Event "ICS rated standard match"]
[Site "164.58.253.13"]
[Date "1999.05.23"]
[Round "?"]
[White "Hossa"]
[Black "arvie"]
[Result "0-1"]
[WhiteElo "2053"]
[BlackElo "2194"]
[PlyCount "101"]

1. c4 e5 2. b3 Nc6 3. Bb2 Nf6 4. Nc3 d5 5. cxd5 Nxd5 6. Nf3 Nxc3 7. dxc3 Bf5 8.
e3 Qf6 9. Bb5 Rd8 10. Nd2 a6 11. Bxc6+ Qxc6 12. Qf3 Qxf3 13. Nxf3 f6 14. O-O
Bc5 15. Rad1 Ke7 16. b4 Ba7 17. Rfe1 g5 18. Kh1 g4 19. Nh4 Bc2 20. Ra1 Rd2 21.
f3 h5 22. Bc1 Rd7 23. e4 Ke6 24. Be3 Bxe3 25. Rxe3 Rd2 26. Rae1 Rhd8 27. Nf5
Bd1 28. Rf1 Rxa2 29. fxg4 hxg4 30. h4 Rdd2 31. Rg3 Be2 32. Re1 a5 33. bxa5 Rxa5
34. Ng7+ Kf7 35. Nf5 Kg6 36. Ne7+ Kh5 37. Re3 Raa2 38. Nd5 Bc4 39. Nxf6+ Kxh4
40. Rg1 c6 41. Kh2 Kg5 42. Nxg4 Kxg4 43. Rg3+ Kf4 44. Rg7 b5 45. Re1 Re2 46.
Rxe2 Rxe2 47. Rc7 Bd3 48. Kh3 Bxe4 49. Rf7+ Kg5 50. Rg7+ Bg6 51. c4 {
Hossa resigns} 0-1

[Event "ICS rated standard match"]
[Site "164.58.253.13"]
[Date "1999.05.23"]
[Round "?"]
[White "RogerS"]
[Black "Hossa"]
[Result "0-1"]
[WhiteElo "2236"]
[BlackElo "2035"]
[PlyCount "60"]

1. e4 c5 2. Nc3 a6 3. f4 b5 4. Nf3 Bb7 5. d3 b4 6. Ne2 d5 7. exd5 Bxd5 8. Ng3
e6 9. Be2 Nf6 10. O-O Bd6 11. Ng5 O-O 12. N3e4 Nc6 13. Be3 Nd4 14. Nxf6+ Qxf6
15. Ne4 Nxe2+ 16. Qxe2 Bxe4 17. dxe4 Qxb2 18. e5 Be7 19. Qf2 Rfd8 20. Rae1 Rd5
21. Bc1 Qxa2 22. f5 exf5 23. Qxf5 Rf8 24. Rf3 Qc4 25. Rg3 Bh4 26. Rg4 Qc3 27.
Rf1 Rxe5 28. Qf4 Be7 29. Qh6 Re4 30. Qh5 30... Qd4+ {RogerS resigns} 0-1

[Event "ICS rated blitz match"]
[Site "164.58.253.13"]
[Date "1999.05.23"]
[Round "?"]
[White "Hossa"]
[Black "SapphireII"]
[Result "0-1"]
[WhiteElo "2124"]
[BlackElo "2016"]
[PlyCount "79"]

1. e4 c5 2. Nc3 e6 3. g3 d5 4. exd5 exd5 5. Bg2 Nf6 6. Nge2 d4 7. Ne4 Nxe4 8.
Bxe4 Nd7 9. O-O Be7 10. d3 O-O 11. Re1 Re8 12. Bd2 Nf6 13. Bg2 Qb6 14. Rb1 Be6
15. c4 Bd7 16. Bf4 Bc6 17. f3 Qa5 18. a3 Rad8 19. Be5 Nh5 20. Nf4 Bf6 21. Bxf6
Nxf6 22. Qc1 Kf8 23. Rxe8+ Rxe8 24. b4 Qa4 25. bxc5 Qa5 26. Nd5 Bxd5 27. cxd5
Nxd5 28. Kh1 Qc7 29. f4 Nc3 30. Rxb7 Qxc5 31. Rd7 Kg8 32. Bd5 Qc8 33. Rd6 Qb8
34. Rd7 Nxd5 35. Rxd5 Qb7 36. Qc5 Rd8 37. Kg1 Rxd5 38. Qc4 Kf8 39. a4 Ke7 40.
Kf2 {Hossa resigns} 0-1

[Event "ICS rated blitz match"]
[Site "164.58.253.13"]
[Date "1999.05.23"]
[Round "?"]
[White "SapphireII"]
[Black "Hossa"]
[Result "0-1"]
[WhiteElo "2026"]
[BlackElo "2109"]
[PlyCount "169"]

1. e4 c5 2. Nf3 Nc6 3. d4 cxd4 4. Nxd4 Nf6 5. Nc3 e5 6. Ndb5 a6 7. Nd6+ Bxd6 8.
Qxd6 Qb6 9. Bd3 Qb4 10. Qxb4 Nxb4 11. O-O Nxd3 12. cxd3 O-O 13. Bg5 Nh5 14. Be7
Re8 15. Nd5 Nf4 16. Nxf4 exf4 17. Bd6 g5 18. Rac1 Re6 19. Bb4 h6 20. Rc7 Rc6
21. Rc1 Kg7 22. Rc5 Kg6 23. Kf1 f6 24. Ke2 Rb8 25. Kf3 h5 26. h3 h4 27. Rc4 Ra8
28. Rc5 Rb8 29. Rc3 Ra8 30. Rc4 a5 31. Bf8 Kf7 32. R4xc6 bxc6 33. Bc5 Ke6 34.
Ke2 a4 35. Kd2 Ba6 36. Kc2 Bb5 37. Rb7 d6 38. Bb4 Rc8 39. Kd2 Rd8 40. Rg7 c5
41. Rb7 Bc6 42. Rb6 Rc8 43. Bc3 f5 44. f3 fxe4 45. dxe4 d5 46. exd5+ Kxd5 47.
Bf6 Rg8 48. Kd3 Rg6 49. Be7 Rg7 50. Bf8 Rd7 51. Bh6 Kd6 52. Kc4 Kc7 53. Ra6 Rd2
54. Kxc5 Rc2+ 55. Kd4 Rxg2 56. Ra5 Rg3 57. Bxg5 Rxh3 58. Bxf4+ Kb6 59. Rh5 Bxf3
60. Rh6+ Kb7 61. Rh7+ Kc6 62. Rc7+ Kb5 63. Rc5+ Ka6 64. Rc4 Bd1 65. Rc6+ Kb5
66. Rc5+ Kb6 67. Bc7+ Kb7 68. Bd6 Rf3 69. Ke4 Rf2 70. Rc1 Bc2+ 71. Ke3 Rg2 72.
Rh1 Rg4 73. Kf3 Rd4 74. Be5 Rc4 75. Rh3 Be4+ 76. Kf2 Bd5 77. Kf1 Re4 78. Bh8
Bxa2 79. Kf2 Bd5 80. Rf3 Re8 81. Rd3 Rf8+ 82. Ke1 Rxh8 83. Rxd5 h3 84. b4 h2
85. Rb5+ {SapphireII resigns} 0-1

[Event "ICS rated standard match"]
[Site "164.58.253.13"]
[Date "1999.05.23"]
[Round "?"]
[White "LeapyFrog"]
[Black "Hossa"]
[Result "1-0"]
[WhiteElo "1879"]
[BlackElo "2076"]
[PlyCount "94"]

1. e4 c5 2. Nf3 Nc6 3. d4 cxd4 4. Nxd4 Nf6 5. Nc3 e5 6. Ndb5 a6 7. Nd6+ Bxd6 8.
Qxd6 Qb6 9. Bc4 Qb4 10. Qxb4 Nxb4 11. Bb3 O-O 12. Bg5 Re8 13. Bxf6 gxf6 14. a3
Nc6 15. Nd5 Rf8 16. Nxf6+ Kg7 17. Nd5 f5 18. exf5 Rxf5 19. O-O Nd4 20. Rae1
Nxb3 21. cxb3 b5 22. Nb6 Rb8 23. Nxc8 Rxc8 24. Rc1 Rxc1 25. Rxc1 Kf6 26. f3 Ke6
27. a4 bxa4 28. bxa4 Rf4 29. b3 Rd4 30. Kf2 Kf6 31. Rc4 Rd2+ 32. Kg3 Rd5 33. b4
Rd3 34. Rc7 Kf5 35. Rc8 Ra3 36. a5 Rd3 37. Rf8+ Kg5 38. h4+ Kg6 39. Rb8 Rd6 40.
Rb6 Rf6 41. Rxf6+ Kxf6 42. b5 axb5 43. a6 h5 44. a7 d6 45. a8=Q b4 46. Qb7 Ke6
47. Qxb4 47... Kd5 {Hossa resigns} 1-0

[Event "ICS rated blitz match"]
[Site "164.58.253.13"]
[Date "1999.05.23"]
[Round "?"]
[White "Hossa"]
[Black "Azkikr"]
[Result "0-1"]
[WhiteElo "2118"]
[BlackElo "2136"]
[PlyCount "132"]

1. d4 d5 2. c4 e6 3. Nf3 Nf6 4. Nc3 Bb4 5. e3 c5 6. Be2 cxd4 7. exd4 Ne4 8. Qd3
Qc7 9. Qe3 O-O 10. O-O Nxc3 11. bxc3 Be7 12. cxd5 exd5 13. c4 dxc4 14. Bxc4
Qxc4 15. Qxe7 Nc6 16. Qe4 Qe6 17. Re1 Qxe4 18. Rxe4 Be6 19. Be3 Bd5 20. Rh4
Bxf3 21. gxf3 Rad8 22. Kg2 f6 23. Rd1 Rd5 24. Kg3 g5 25. Rh6 Kg7 26. Rh3 Rfd8
27. f4 Nxd4 28. Rb1 b6 29. fxg5 fxg5 30. Re1 Kg6 31. Bxd4 Rxd4 32. Re7 h5 33.
Kg2 R8d7 34. Re8 Rd2 35. Rg8+ Rg7 36. Rxg7+ Kxg7 37. Ra3 a5 38. h3 Kg6 39. Kg3
h4+ 40. Kf3 Rb2 41. Ra4 Rd2 42. Ra3 Rc2 43. Ra4 Kf5 44. Ra3 Rb2 45. Ra4 Rb4 46.
Rxb4 axb4 47. Ke3 g4 48. Ke2 gxh3 49. Kf1 Ke4 50. Kg1 Kf3 51. Kh2 Kxf2 52. Kxh3
Ke2 53. Kg4 Kd2 54. Kf4 Kc1 55. Ke4 Kb2 56. Kf3 Kb1 57. Kf2 Kxa2 58. Ke3 b3 59.
Kd4 b2 60. Ke5 b1=Q 61. Kd6 h3 62. Ke7 h2 63. Kd6 h1=Q 64. Ke5 Qbe4+ 65. Kf6
Qh6+ 66. Kf7 66... Qee6# {Hossa checkmated} 0-1